2025 Federal Canadian Election Candidates - Statistics

General Stats
  • This quiz has been taken 34 times
  • The average score is 4 of 6
Answer Stats
Picture Answer % Correct
Mark Carney
100%
Jagmeet Singh
89%
Pierre Poilievre
79%
Yves-François Blanchet
75%
Maxime Bernier
61%
Jonathan Pedneault
36%
No matching quizzes found
Score Distribution
Percent of People with Each Score
Percentile by Number Answered
Your Score History
You have not taken this quiz